000
00248nam a2200097Ia 4500
008
240625s9999 xx 000 0 und d
041
_a
eng
100
_a
CISCO SYSTEMS INC
245
_a
CISCO NETWORKING ACADEMY PROGRAM LAB COMPANION I
260
_c
2002
999
_c
33159
_d
33159